000 00344nam a2200145Ia 4500
008 210210b1977 xxu||||| |||| 00| 0 eng d
082 _a539.7 GLAP
100 _aGLADKOV (K).
245 _aPower house of the atom.
260 _aMoscow
_bMir Publishers
_c1977
300 _a303
650 _aAtom
690 _aAtomic Physics
906 _a033517
999 _c84464
_d84464